| 000 | 01027nam a2200277 i 4500 | ||
|---|---|---|---|
| 001 | 181877 | ||
| 003 | ES-MaACL | ||
| 005 | 20231021151448.0 | ||
| 008 | 130503s2011 sp | |||||||| | spa d | ||
| 020 | _a978-84-15168-03-4 | ||
| 080 | _a821.111(73)-14"19"(082.2) | ||
| 245 | 0 | 3 |
_aLa escuela de Wallace Stevens : _bun perfil de la poesía estadounidense contemporánea / _c[selección], textos introductorios de Harold Bloom ; edición, traducción y notas de Jeannette L. Clariond. |
| 250 | _a1ª ed. | ||
| 260 |
_aMadrid : _bVaso Roto, _c2011. |
||
| 300 |
_a814 p. ; _c22 cm. |
||
| 490 | 1 |
_aPoesía ; _v19 |
|
| 504 | _aBibliografía: p. 812-814. | ||
| 546 | _aTextos en inglés y traducción al español. | ||
| 650 | 4 |
_aPoesía norteamericana- _yS.XX. _9152680 |
|
| 700 | 0 |
_aBloom, Harold. _929559 |
|
| 700 | 1 |
_aClariond, Jeannette L. _9138742 |
|
| 830 | 0 |
_aPoesía ; _v19 _9177794 |
|
| 852 |
_aES-MaACL _jA-12693 _9188785 _bR.148660 _cDEPO1 _dOlim: N-5694 |
||
| 942 |
_2udc _cMONOGRAFIA |
||
| 999 |
_c181877 _d181877 |
||